La vocación crítica de la antropología en Latinoamérica

La pregunta por la relación y el contraste entre la manera de hacer antropología en Colombia y la que hacen nuestros colegas en los países desarrollados, dado un contexto de interconexión global, nos motivó a Carlos Alberto Uribe y a mí para la realización del Simposio “Antropologías metropolitanas...

Descripción completa

Detalles Bibliográficos
Autor principal: Jimeno, Myriam
Formato: Analitica de revista
Lenguaje:español
Publicado: Colombia: Universidad de los Andes, 2005.
Materias:
Acceso en línea:Acceso electrónico al documento

MARC

LEADER 00000cab a2200000 a 4500
001 024253
003 UAHC_CL
005 20210908151530.0
008 110603s2005 co 000 spspa
040 |a UAHC_CL  |c UAHC_CL  |d UAHC_CL 
100 |a Jimeno, Myriam  |9 14066 
245 1 3 |a La vocación crítica de la antropología en Latinoamérica  |c Myriam Jimeno. 
260 |a Colombia:  |b Universidad de los Andes,  |c 2005. 
300 |a pp. 43-65 
500 |a En: Antípoda: revista de antropología y arqueología, n° 1, 2005. pp. 43-65. 
520 |a La pregunta por la relación y el contraste entre la manera de hacer antropología en Colombia y la que hacen nuestros colegas en los países desarrollados, dado un contexto de interconexión global, nos motivó a Carlos Alberto Uribe y a mí para la realización del Simposio “Antropologías metropolitanas y antropologías periféricas: Encuentros y desencuentros”, dentro del x Congreso de Antropología en Colombia celebrado en Manizales del 22 al 26 de septiembre de 2003. He tomado esa oportunidad para presentar mi argumento sobre el tema, basado en la producción antropológica de mexicanos y brasileños entre los sesenta y ochenta pasados. El argumento es que existe una estrecha relación en Latinoamérica entre la producción teórica del antropólogo y el compromiso con las sociedades estudiadas. La vecindad socio política entre los sujetos de estudio y los antropólogos se ha traducido en una producción teórica con una vocación crítica, pues busca dar cuenta de la presencia perturbadora de Otros. 
650 0 |9 14067  |a Antropología   |z América Latina 
856 |u https://revistas.uniandes.edu.co/doi/pdf/10.7440/antipoda1.2005.03  |3 Acceso electrónico al documento 
900 |a RECURSO ELECTRÓNICO 
942 |c REVA 
952 |0 0  |1 0  |4 0  |6 RECURSO_ELECTRÓNICO  |7 0  |8 BAS  |9 94741  |a BC  |b BC  |c Digital  |d 2021-09-08  |l 0  |o RECURSO ELECTRÓNICO  |r 2021-09-08 00:00:00  |w 2021-09-08  |y REVA  |A 9  |B ANT 
999 |c 54328  |d 54328